Human-Machine Interface: Making Healthcare Digital /

Gespeichert in:
Bibliographische Detailangaben
Weitere Verfasser: Malviya, Rishabha (edición) (edición)
Format: Buch
Sprache:Englisch
Veröffentlicht: Hoboken, EUA : Wiley, 2024, c2024
Online-Zugang:Ver documento en línea
Tags: Tag hinzufügen
Keine Tags, Fügen Sie das erste Tag hinzu!

MARC

LEADER 00000nam^a22000000a04500
001 000630940
005 20260415000000.0
009 20260415195736.81
020 |a 9781394200337 
037 |a Acervo ITESO - Biblioteca 
041 |a ING 
082 |a Libro en línea 
245 0 0 |a Human-Machine Interface:  |b Making Healthcare Digital / 
264 4 |a Hoboken, EUA :  |b Wiley,  |c 2024, c2024 
264 2 |a Hoboken, EUA :  |b Wiley [distribución],  |c 2025 
300 |a 1 libro electrónico en línea ( p.) 
300 |a 1 recurso en línea 
336 |a datos para computadora  |b cod  |2 rdacontenido 
337 |a computadora  |b c  |2 rdamedio 
338 |a recurso en línea  |b cr  |2 rdasoporte 
506 0 |a Licencias ilimitadas 
521 |a Wiley 2026 EEnlace Departamento de Electrónica, Sistemas e Informática 
567 |a Catalogación rápida 
649 |a XX 
700 |a Malviya, Rishabha  |e (edición) 
856 4 0 |u https://ezproxy.iteso.mx/login?qurl=https%3A%2F%2Fieeexplore.ieee.org%2Fservlet%2Fopac%3Fbknumber%3D10950238  |y Ver documento en línea 
910 |a Fondo General 
920 |a Electrónicos - Libros en Línea 
930 |a Plataforma Digital 
905 |a 205 
902 |a https://opac.biblio.iteso.mx/vufind/Record/000630940